000 00768nam a2200241 a 4500
999 _c11055
_d11055
001 11055
003 BD-JhCC
005 20190801134015.0
008 190627b 2016bg |||| ||a| 000 0 ben d
020 _a9789849133650
035 _a(BD-JhCC)11055
040 _aBD-JhCC
_dBD-JhCC
041 _aben
082 _a398.09
_bCHO 2016
245 _a৬৪ জেলার পরিচিতি ও দেশজ সংস্কৃতি /
_cসম্পাদনায়ঃ খান মাহবুব
260 _aঢাকাঃ
_bরোদেলা;
_c২০১৬.
300 _a৩৫১ পৃঃ . :
_c২২ সেমি.
650 _aFolklore
650 _aCulture
700 _aমাহবুব, খান
942 _2ddc
_cBK
_01